000
00331nam a2200133Ia 4500
008
220204s9999 xx 000 0 und d
082
_a
003
_b
PEA;1
245
0
_a
Pears encyclopedia. 1977-78
250
_a
Ed.58,86
260
_a
Great Britain
_b
Richard Clay
_c
1977
700
_a
Christopher
700
_a
Cook, Mary Li
942
_c
BK
999
_c
20221
_d
20221